00534nam a2200133Ia 4500008004100000100003400041245011200075245006300187260005300250260001300303300000800316650001500324856006100339170221s9999 xx 000 0 und d aAnatoly Vladimirovich Isaenko aStudy of the Quality of Public Services in Public Catering Companies: Methodology, Analysis and Assessment  cAnatoly Vladimirovich Isaenko, Aleksey Vasilievich Korolev bInternational Review of Management and Marketing cMay 2012 a1:1 xMarketing. uhttp://www.econjournals.com/index.php/irmm/issue/view/83